Dataset Open Access

Data for Upscaling mineralogy with hyperspectral data: a benchmark dataset and machine learning framework to enable hyperspectral geometallurgy

Thiele, Samuel Thomas; Kirsch, Moritz; Frenzel, Max; Tolosana Delgado, Raimon; Kamath, Akshay Vijay; Guy, Bradley Martin; Kim, Yongwhi; Laura, Tusa; Járóka, Tom; Gloaguen, Richard


MARC21 XML Export

<?xml version='1.0' encoding='UTF-8'?>
<record xmlns="http://www.loc.gov/MARC21/slim">
  <leader>00000nmm##2200000uu#4500</leader>
  <datafield tag="650" ind1="1" ind2="7">
    <subfield code="a">cc-by</subfield>
    <subfield code="2">opendefinition.org</subfield>
  </datafield>
  <datafield tag="773" ind1=" " ind2=" ">
    <subfield code="a">https://www.hzdr.de/publications/Publ-43223</subfield>
    <subfield code="i">isIdenticalTo</subfield>
    <subfield code="n">url</subfield>
  </datafield>
  <datafield tag="773" ind1=" " ind2=" ">
    <subfield code="a">10.14278/rodare.4581</subfield>
    <subfield code="i">isVersionOf</subfield>
    <subfield code="n">doi</subfield>
  </datafield>
  <controlfield tag="001">4582</controlfield>
  <datafield tag="980" ind1=" " ind2=" ">
    <subfield code="a">user-energy</subfield>
  </datafield>
  <datafield tag="980" ind1=" " ind2=" ">
    <subfield code="a">user-hzdr</subfield>
  </datafield>
  <datafield tag="980" ind1=" " ind2=" ">
    <subfield code="a">user-rodare</subfield>
  </datafield>
  <datafield tag="100" ind1=" " ind2=" ">
    <subfield code="a">Thiele, Samuel Thomas</subfield>
    <subfield code="u">Helmholtz-Zentrum Dresden-Rossendorf, Helmholtz Institute Freiberg for Resource Technology, Freiberg, Germany</subfield>
    <subfield code="0">(orcid)0000-0003-4169-0207</subfield>
  </datafield>
  <datafield tag="700" ind1=" " ind2=" ">
    <subfield code="a">Kirsch, Moritz</subfield>
    <subfield code="u">Helmholtz-Zentrum Dresden-Rossendorf, Helmholtz Institute Freiberg for Resource Technology, Freiberg, Germany</subfield>
    <subfield code="0">(orcid)0000-0003-1512-5511</subfield>
  </datafield>
  <datafield tag="700" ind1=" " ind2=" ">
    <subfield code="a">Frenzel, Max</subfield>
    <subfield code="u">King Abdullah University of Science and Technology, Thuwal, Saudi Arabia</subfield>
  </datafield>
  <datafield tag="700" ind1=" " ind2=" ">
    <subfield code="a">Tolosana Delgado, Raimon</subfield>
    <subfield code="0">(orcid)0000-0001-9847-0462</subfield>
  </datafield>
  <datafield tag="700" ind1=" " ind2=" ">
    <subfield code="a">Kamath, Akshay Vijay</subfield>
    <subfield code="0">(orcid)0000-0003-3407-5222</subfield>
  </datafield>
  <datafield tag="700" ind1=" " ind2=" ">
    <subfield code="a">Guy, Bradley Martin</subfield>
    <subfield code="0">(orcid)0009-0000-3643-6349</subfield>
  </datafield>
  <datafield tag="700" ind1=" " ind2=" ">
    <subfield code="a">Kim, Yongwhi</subfield>
    <subfield code="u">GeoRessources Laboratory, Faculté des Sciences et Technologies, Université de Lorraine</subfield>
  </datafield>
  <datafield tag="700" ind1=" " ind2=" ">
    <subfield code="a">Laura, Tusa</subfield>
    <subfield code="u">TheiaX GmbH</subfield>
  </datafield>
  <datafield tag="700" ind1=" " ind2=" ">
    <subfield code="a">Járóka, Tom</subfield>
    <subfield code="u">Geological Survey of Saxony, Saxon State Office for Environment, Agriculture and Geology, Halsbrücker Straße 31a, 09599 Freiberg, Germany</subfield>
  </datafield>
  <datafield tag="700" ind1=" " ind2=" ">
    <subfield code="a">Gloaguen, Richard</subfield>
    <subfield code="u">Helmholtz-Zentrum Dresden-Rossendorf, Helmholtz Institute Freiberg for Resource Technology, Freiberg, Germany</subfield>
    <subfield code="0">(orcid)0000-0002-4383-473X</subfield>
  </datafield>
  <controlfield tag="005">20260408054024.0</controlfield>
  <datafield tag="245" ind1=" " ind2=" ">
    <subfield code="a">Data for Upscaling mineralogy with hyperspectral data: a benchmark dataset and machine learning framework to enable hyperspectral geometallurgy</subfield>
  </datafield>
  <datafield tag="520" ind1=" " ind2=" ">
    <subfield code="a">&lt;p&gt;Mineral liberation analysis (MLA) dataset accompanying the paper:&amp;nbsp;Upscaling mineralogy with hyperspectral data: a benchmark dataset and machine learning framework to enable hyperspectral geometallurgy. This describes the mineralogy of 204 thick-sections prepared from 49 drillholes sampled across 7 different locations and coregistered with VNIR-SWIR-MWIR-LWIR hyperspectral data. It is intended to help develop, test and benchmark methods for predicting mineralogy from hyperspectral data.&amp;nbsp;&lt;/p&gt;

&lt;p&gt;The data are stored as hycore (https://github.com/samthiele/hycore) Shed directories for easy loading, although individual MLA sections and corresponding hyperspectral images are all in ENVI format (so can be loaded by any hyperspectral analysis code or software). MLA outputs are also stored in their original (high-resolution) form as indexed bitmaps. The AbundanceMapping.xlsx file can be used to translate these MLA class indices into modal mineral abundances.&lt;/p&gt;

&lt;p&gt;Finally, jupyter notebooks used to derive the benchmarks presented in the paper are also included, in the Code folder. These illustrate how the data can be loaded and manipulated using hycore and hklearn (https://github.com/samthiele/hklearn), and used to train machine learning models that predict modal mineralogy given hyperspectral data.&lt;/p&gt;</subfield>
  </datafield>
  <datafield tag="909" ind1="C" ind2="O">
    <subfield code="o">oai:rodare.hzdr.de:4582</subfield>
    <subfield code="p">openaire_data</subfield>
    <subfield code="p">user-energy</subfield>
    <subfield code="p">user-hzdr</subfield>
    <subfield code="p">user-rodare</subfield>
  </datafield>
  <datafield tag="653" ind1=" " ind2=" ">
    <subfield code="a">hyperspectral</subfield>
  </datafield>
  <datafield tag="653" ind1=" " ind2=" ">
    <subfield code="a">mineralogy</subfield>
  </datafield>
  <datafield tag="653" ind1=" " ind2=" ">
    <subfield code="a">mineral liberation analysis</subfield>
  </datafield>
  <datafield tag="653" ind1=" " ind2=" ">
    <subfield code="a">machine learning</subfield>
  </datafield>
  <datafield tag="653" ind1=" " ind2=" ">
    <subfield code="a">benchmark</subfield>
  </datafield>
  <datafield tag="653" ind1=" " ind2=" ">
    <subfield code="a">geometallurgy</subfield>
  </datafield>
  <datafield tag="856" ind1="4" ind2=" ">
    <subfield code="s">118463</subfield>
    <subfield code="u">https://rodare.hzdr.de/record/4582/files/AbundanceMapping.xlsx</subfield>
    <subfield code="z">md5:83b3d363015a47b4cf2e3d7dc4bfc5b7</subfield>
  </datafield>
  <datafield tag="856" ind1="4" ind2=" ">
    <subfield code="s">3026977063</subfield>
    <subfield code="u">https://rodare.hzdr.de/record/4582/files/Code.zip</subfield>
    <subfield code="z">md5:ac944e6818ca3944c265d959310fa4d4</subfield>
  </datafield>
  <datafield tag="856" ind1="4" ind2=" ">
    <subfield code="s">3949015794</subfield>
    <subfield code="u">https://rodare.hzdr.de/record/4582/files/MLA.zip</subfield>
    <subfield code="z">md5:8a0dede76129faef84ad19fc3608efa0</subfield>
  </datafield>
  <datafield tag="540" ind1=" " ind2=" ">
    <subfield code="u">https://creativecommons.org/licenses/by/4.0/legalcode</subfield>
    <subfield code="a">Creative Commons Attribution 4.0 International</subfield>
  </datafield>
  <datafield tag="024" ind1=" " ind2=" ">
    <subfield code="a">10.14278/rodare.4582</subfield>
    <subfield code="2">doi</subfield>
  </datafield>
  <datafield tag="980" ind1=" " ind2=" ">
    <subfield code="a">dataset</subfield>
  </datafield>
  <datafield tag="041" ind1=" " ind2=" ">
    <subfield code="a">eng</subfield>
  </datafield>
  <datafield tag="260" ind1=" " ind2=" ">
    <subfield code="c">2026-03-30</subfield>
  </datafield>
  <datafield tag="542" ind1=" " ind2=" ">
    <subfield code="l">open</subfield>
  </datafield>
</record>
72
15
views
downloads
All versions This version
Views 7272
Downloads 1515
Data volume 24.0 GB24.0 GB
Unique views 6565
Unique downloads 1313

Share

Cite as